България (Запис номер 209035)
[ съкратено ]
| 000 -Лидер | |
|---|---|
| Контролно поле с фиксирана дължина | 02421nkm a2200469 c 4500 |
| 003 - Код на организацията, давaща контролен номер | |
| Контролно поле | BLK |
| 005 - Дата и час на последна редакция | |
| Контролно поле | 20250731110810.0 |
| 008 - Елементи от данни с фиксирана дължина | |
| fixed length control field | 180412b bul rap|r|||| r0| ||bulo| |
| 010 ## - Наследен системен номер | |
| LC control number | KNG00085283000 |
| 020 ## - Международен стандартен номер на книга ISBN | |
| Международен стандартен номер на книга ISBN | 978-954-378-020-4 |
| 040 ## - Източник на каталожния запис | |
| Идентификатор на билиотеката - собственик на записа | BLK |
| 041 ## - Код за език | |
| Код за езика на текст/звукозапис или на отделно заглавие | Български |
| Код за езика КДБФ | Български |
| Други езици | Английски |
| 080 ## - УДК | |
| Текстов определител УДК | Социография. Социално положение. Условия на политическия и социалния живот. Социално и социално-икономическо положение на отделните страни, народи, раси. Социална география. (Общи въпроси) |
| УДК код - определител по УДК | 308 |
| УДК - код + определител | 308(497.2) |
| 080 ## - УДК | |
| Текстов определител УДК | История на България |
| УДК код - определител по УДК | 94(497.2) |
| УДК определител | (084) |
| УДК - код + определител | 94(497.2)(084) |
| 080 ## - УДК | |
| Текстов определител УДК | География на България |
| УДК код - определител по УДК | 913(497.2) |
| УДК определител | (084) |
| УДК - код + определител | 913(497.2)(084) |
| 080 ## - УДК | |
| Текстов определител УДК | Паметници на културата на историческите периоди. Археологическите паметници. Старини |
| УДК код - определител по УДК | 904 |
| УДК определител | (497.2)(084) |
| УДК - код + определител | 904(497.2)(084) |
| 139 ## - Редно поле | |
| Редна дума | Дудлей, Ренард |
| Авторски знак | Ду - Д 92 |
| 245 10 - Сведения за заглавието | |
| Заглавие | България |
| Подзаглавни данни | Албум |
| Редно поле (дума) | худож.-фотогр. Ренард Дудлей; текст Георги Владимиров; текст Капка Николова. |
| 246 11 - Различни форми на заглавието | |
| Паралелно заглавие | Bulgaria : Album |
| 250 ## - Област на изданието | |
| Сведения за изданието | 2. прераб. и доп. изд. |
| 257 ## - Страна на издаване | |
| Страна на създаване/издаване | България |
| 260 ## - Област на издателските данни | |
| Име на издателя, разпространителя и проч. | Тангра ТанНакРа |
| Година на издаване | 2008 |
| Печатница | София : Д. Благоев |
| Място на издаване, разпространение и проч. | София |
| 300 ## - Физическа характеристика | |
| Страници | 232 с. |
| Илюстрации и др. | цв. ил. |
| Размери/Мащаб | 32 см |
| 380 ## - Жанр | |
| Жанр | История |
| 500 ## - Общи забележки | |
| Забележка | Авт. отбелязан на гърба на загл. с. - 1. изд. 2004 |
| 650 #4 - Допълнително описание по предмет – тема | |
| Основно описание – тема или топоним | България - албуми |
| 9 (RLIN) | 299476 |
| 653 ## - Ключова дума – ненормативна | |
| Ключова дума | България |
| 653 ## - Ключова дума – ненормативна | |
| Ключова дума | история |
| 653 ## - Ключова дума – ненормативна | |
| Ключова дума | археологически паметници |
| 700 1# - Други автори (авторска отговорност) | |
| Лично име | Дудлей, Ренард |
| Автороска отговорност (Описва отношението между автора и произведението) | худож.-фотогр. |
| 9 (RLIN) | 65633 |
| 700 1# - Други автори (авторска отговорност) | |
| Лично име | Владимиров, Георги |
| Автороска отговорност (Описва отношението между автора и произведението) | текст |
| 9 (RLIN) | 371708 |
| 700 1# - Други автори (авторска отговорност) | |
| Лично име | Николова, Капка |
| Автороска отговорност (Описва отношението между автора и произведението) | текст |
| 9 (RLIN) | 371167 |
| 720 ## - Неконтролирано име | |
| Паралелен автор | Art photogr. Renard Dudley ; Auth. Georgi Vladimirov, Kapka Nikolova ; Transl. Todor Shopov |
| Ключова дума за отношение (Описва отношението между автора и произведението) | паралелен автор |
| 852 ## - Местоположение | |
| Форматна сигнатура | Цб ІІ 27229 |
| 856 4# - Електронен адрес и достъп | |
| Електронен формат | pdf - файл |
| Път до файла /url/ | |
| 856 4# - Електронен адрес и достъп | |
| Електронен формат | pdf - файл |
| Път до файла /url/ | |
| 942 ## - АРТИКУЛИ | |
| Вид на библиотечния материал | Графични издания |
| Скрит в OPAC | Не |
| Koha issues (borrowed), all copies | 3 |
| Периодичен библиозапис | Да |
| 944 ## - СЪЗДАВАНЕ И РЕДАКЦИЯ на ЗАПИСА | |
| Създаване/Редакция | Създаване |
| Дата на регистрацията/редакция | 01.09.2008 |
| Служител, извършил регистрацията/редакцията | 30545 |
| Статус, дата на статуса | Нора Радева |
| 944 ## - СЪЗДАВАНЕ И РЕДАКЦИЯ на ЗАПИСА | |
| Създаване/Редакция | Редакция |
| Дата на регистрацията/редакция | 20.10.2008 |
| 999 ## - СИСТЕМНИ КОНТРОЛНИ НОМЕРА | |
| Koha biblionumber | 209035 |
| Koha biblioitemnumber | 209035 |
| 999 ## - СИСТЕМНИ КОНТРОЛНИ НОМЕРА | |
| Koha biblioitemnumber | 209035 |
| 999 ## - СИСТЕМНИ КОНТРОЛНИ НОМЕРА | |
| Koha biblioitemnumber | 209035 |
| Код за отписване | Код за изгубен артикул | Източник на класификационната схема | Код за повреда | Коз за рестрикции | Код за отдаване | Артикулен № | Име на библиотеката - собственик | Име на библиотеката, в която се намира в момента | Статус (Текущо местоположение) | Дата на вписване в системата | Местоположение - отдел | Цена в лева | Инвентарен номер | Систематично азбучна сигнатура | Баркод | Номер на екземпляра | Цена в евро | Служебна бележка | Служебен тип на артикула |
|---|---|---|---|---|---|---|---|---|---|---|---|---|---|---|---|---|---|---|---|
| Не е изгубен | Universal Decimal Classification | Не е повреден | без рестрикции | ползва се в читалня | 360217 | Регионална библиотека "Любен Каравелов" Русе | Регионална библиотека "Любен Каравелов" Русе | Хранилище | 2008-08-29 | Хранилище | 60.00 | 120000728529 | Цб ІІ 27229 | 120000728529 | 1 | 30.68 | Дост: Dp Вид: Д N: 23 Дата: 21.05.2008 | Графични издания | |
| Не е изгубен | Universal Decimal Classification | Не е повреден | без рестрикции | заемане за дома | 687143 | Регионална библиотека "Любен Каравелов" Русе | Регионална библиотека "Любен Каравелов" Русе | Детски отдел | 2018-12-14 | Детски отдел | 60.00 | 120000828377 | ДН 308(497.2)/Б 92 | 120000828377 | 30.68 | Графични издания | |||
| Не е изгубен | Universal Decimal Classification | Не е повреден | без рестрикции | заемане за дома | 687144 | Регионална библиотека "Любен Каравелов" Русе | Регионална библиотека "Любен Каравелов" Русе | Заемна - подръчен фонд | 2018-12-14 | Заемна - подръчен фонд | 60.00 | 120000828208 | П 308(497.2)/Б 92 | 120000828208 | 30.68 | Книги |